Sont ils du camp troyen ou grec pendant la Guerre de Troie ? - Statistiques

Statistiques générales
  • Ce quiz a été pris 114 fois
  • Le résultat moyen est 15 sur 20
Statistiques - réponses
Hint Réponse % Correct
Ménélas Grecs
94%
Achille Grecs
94%
Ulysse Grecs
90%
Agamemnon Grecs
90%
Patrocle Grecs
89%
Pâris Troyens
89%
Ajax le Grand Grecs
87%
Priam Troyens
84%
Ajax le Petit Grecs
83%
Diomède Grecs
80%
Cassandre Troyens
77%
Andromaque Troyens
75%
Énée Troyens
73%
Hécube Troyens
72%
Nestor Grecs
69%
Briséis Troyens
66%
Hélénos Troyens
63%
Calchas Grecs
59%
Pandaros Troyens
55%
Sarpédon Troyens
52%
Aucun quiz correspondant
Distribution des résultats
% des personnes avec chaque résultat
Percentile par nombre de réponses
Votre historique - résultats
Vous n’avez pas pris ce quiz